| 000 | 00671nam a2200205Ia 4500 | ||
|---|---|---|---|
| 005 | 20241216011453.0 | ||
| 008 | 190429s9999||||xx |||||||||||||| ||und|| | ||
| 082 |
_a657.4 _bC22 |
||
| 100 | _aCAMARGO ORIHUELA ROLANDO TITO, CUEVA SOLORZANO CONSUELO MIRIAM | ||
| 245 | 0 | _aSISTEMA DE COSTOS DE PRODUCCION EN UNA INDUSTRIA MANUFACTURERA | |
| 250 | _a0 | ||
| 260 |
_aCERRO DE PASCO-PERU _bUNDAC _c1997 |
||
| 300 |
_a122 pag. _c30 cm. |
||
| 341 | _h0 | ||
| 490 |
_v0 _a0 |
||
| 505 | _aPLANTEAMIENTO DE LA INVESTIGACION,MARCO TEORICO CONCEPTUAL,RESULTADOS OBTENIDOS, | ||
| 541 |
_aD _bCAMARGO ORIHUELA ROLANDO _d29-Mar-16 _oSoles |
||
| 650 | _aContabilidad | ||
| 942 | _cTESIS | ||
| 999 |
_c42765 _d42765 |
||